000 00371nam a2200145Ia 4500
008 230917s9999||||xx |||||||||||||| ||und||
040 _e78476
_aMAIN
041 _aEnglish
082 _a340.1 P212J
100 _aParanjape, N V
245 0 _aStudies in jurisprudence and legal theory
260 _aAllahabad
_bCentral Law
_c1994
300 _axxiii, 245 p.
942 _cBK
999 _c83665
_d83665